|
|
|
|
| LEADER |
00000naa2a2200000 4500 |
| 001 |
385850 |
| 005 |
20231101063416.0 |
| 035 |
|
|
|a (RuTPU)RU\TPU\prd\14039
|
| 090 |
|
|
|a 385850
|
| 100 |
|
|
|a 20030521a2003 k y0rusy50 ca
|
| 101 |
0 |
|
|a rus
|
| 102 |
|
|
|a RU
|
| 200 |
1 |
|
|a Уголь - эффективный и надёжный энергоноситель
|f В. М. Зыков
|
| 461 |
|
1 |
|0 (RuTPU)RU\TPU\prd\458
|x 0233-3619
|t Энергия: экономика, техника, экология
|o научно-популярный и общественно-политический журнал
|f Российская академия наук (РАН)
|d 1984-
|
| 463 |
|
1 |
|0 (RuTPU)RU\TPU\prd\13768
|t № 4
|v С. 17-23
|d 2003
|
| 610 |
1 |
|
|a уголь
|
| 610 |
1 |
|
|a энергоносители
|
| 610 |
1 |
|
|a угольная промышленность
|
| 700 |
|
1 |
|a Зыков
|b В. М.
|
| 801 |
|
1 |
|a RU
|b 63413507
|c 20030521
|g PSBO
|
| 801 |
|
2 |
|a RU
|b 63413507
|c 20160215
|g RCR
|
| 942 |
|
|
|c BK
|